000 01537nac a22003851i 4500
003 EG-ScBUE
005 20241120105422.0
008 080909s2006 nyua f 001 0 eng d
020 _a0072983965 (student ed. : alk. paper)
020 _a0071244611
020 _a9780071244619
040 _aEG-ScBUE
_beng
_erda
_cEG-ScBUE
_dEG-ScBUE
082 0 4 _a519.5
_bLIN
_222
100 1 _93255
_aLind, Douglas A.,
_eauthor.
245 1 0 _aBasic statistics for business & economics /
_cDouglas A. Lind, Coastal Carolina University and the University of Toledo, William G. Marchal, The University of Toledo, Samuel A. Wathen, Coastal Carolina University.
246 3 _aBasic statistics for business and economics
250 _aFifth edition.
250 _ainternational edition.
264 1 _aNew York :
_bMcGraw-Hill / Irwin,
_c2006.
300 _axvi, 558 pages :
_billustrations ;
_c27 cm.
336 _2rdacontent
_atext
_btxt
337 _aunmediated
_2rdamedia
_bn
338 _avolume
_bnc
_2rdacarrier
490 0 _aMcGraw-Hill / Irwin series Business statistics
500 _aIncludes index.
650 7 _aSocial sciences
_xStatistical methods.
_2BUEsh
_931993
650 7 _aEconomics
_xStatistical methods.
_2BUEsh
_931994
650 7 _aCommercial statistics.
_2BUEsh
_931996
650 7 _931995
_aIndustrial management
_xStatistical methods.
_2BUEsh
653 _cAugust2013
655 _vReading book
_934232
700 1 _aMarchal, William G.,
_eauthor.
_931997
700 1 _aWathen, Samuel Adamm,
_eauthor.
_931998
942 _cBB
_2ddc
999 _c92
_d92